Football Clubs owned by the City Group - Statistics

General Stats
  • This quiz has been taken 12 times
  • The average score is 2 of 12
Answer Stats
Location Clubs % Correct
England Manchester City
100%
Italy Girona
55%
Australia Melbourne City FC
27%
USA New York City FC
27%
Brazil Bahia
9%
Japan Yokohama F Marinos
9%
Bolivia Club Bolivar
0%
France ESTAC Troyes
0%
Belgium Lommel SK
0%
Uruguay Montevideo City Torque
0%
Italy Palermo FC
0%
China Shenzhen Peng City FC
0%
No matching quizzes found
Score Distribution
Percent of People with Each Score
Percentile by Number Answered
Your Score History
You have not taken this quiz